Quizzes
Events
Quiz Creation
Community
Videos
Private Events
Remove Ads
Sign In
Join for FREE
Feedback
Dark Mode
Quiz Categories
Sports
Geography
Music
Movies
Television
Just For Fun
Miscellaneous
History
Literature
Language
Science
Gaming
Entertainment
Religion
Holiday
For Kids
Quiz Lab
Recent
Popular Today
Quiz Kudos Today
Editor Picks
Curator Picks
Quizzes by...
Day
Popularity
Type
Ratings
Length
Year
Community
Subscriptions
Recent Discussions
Orange Saloon
Badges
Playlists
Quests
Create
Leaderboards
Showdown
Live 5
Trivia Bingo
Activity
Puzzle Library
Sporcle Events
Private Events
Virtual Trivia
Globe League
Become a Host
Pub Owners
SporcleCon
Opinionation
Our Games
Videos
Blog
Mobile Apps
Partnerships
Remove Ads and Go Orange
Feedback
Entertainment
Celebrity
Famous
Musical
Broadway
Show
Quote
Comic Books
Anime
Superhero
DC Comics
Marvel
Cartoons
Animation
Entertainment
Celebrity
Famous
Musical
Broadway
Show
Quote
Comic Books
Anime
Superhero
DC Comics
Marvel
Cartoons
Animation
Random Quiz
Search Sporcle
×
Quiz Lab
Quiz Lab
Entertainment
Amusement Park
Type in answers that appear in a list
Type in answers that appear in a list
Classic
Best Score? Go Orange.
World's Most Visited Theme Parks Stats
Can you name the World's Most Visited Theme Parks?
By
stimes19
5m
40 Questions
131 Plays
131 Plays
131 Plays
Comments
Comments
Give Quiz Kudos
Give Quiz Kudos
-
- Ratings
hide this ad
Replay
Link that replays current quiz
Next Quiz
Link to next quiz in quiz playlist
You Got
0%
They Got
Avg Score
44%
Avg Friend Score
Upgrade to see
Score Distribution
Jump to the score distribution portion of the page
Score
0/40
Timer
05:00
0
Plays Today
Location
Theme Park
% Correct
Anaheim, USA
Disneyland
95.4%
Orlando, USA
Magic Kingdom
84.7%
Orlando, USA
Epcot
80.9%
Paris, France
Disneyland Paris
77.1%
Orlando, USA
Animal Kingdom
75.6%
Orlando, USA
Universal Studios Florida
74%
Orlando, USA
Hollywood Studios
71%
Tokyo, Japan
Tokyo Disneyland
67.2%
Tampa, USA
Busch Gardens Tampa Bay
65.6%
Orlando, USA
Islands of Adventure
64.1%
Hershey, PA, USA
Hersheypark
61.8%
Orlando, USA
SeaWorld Orlando
61.1%
Los Angeles, USA
Universal Studios Hollywood
59.5%
Sandusky, OH, USA
Cedar Point
59.5%
Tokyo, Japan
Tokyo DisneySea
58%
Anaheim, USA
California Adventure
57.3%
Lantau Island, Hong Kong
Hong Kong Disneyland
53.4%
San Diego, USA
SeaWorld San Diego
52.7%
Rust, Germany
Europa Park
48.1%
Osaka, Japan
Universal Studios Japan
47.3%
Location
Theme Park
% Correct
Copenhagen, Denmark
Tivoli Gardens
44.3%
Orange County, USA
Knott's Berry Farm
41.2%
Ontario, Canada
Canada's Wonderland
41.2%
Cincinnati, USA
Kings Island
41.2%
Paris, France
Walt Disney Studios Park
37.4%
Singapore
Universal Studios Singapore
37.4%
Kaatsheuvel, Netherlands
Efteling
33.6%
Salou, Spain
PortAventura
31.3%
Aberdeen, Hong Kong
Ocean Park
23.7%
Seoul, South Korea
Lotte World
23.7%
Kuwana, Japan
Nagashima Spa Land
23.7%
Seoul, South Korea
Everland
21.4%
Beijing, China
Happy Valley Beijing
16.8%
Shenzhen, China
Happy Valley Shenzhen
16.8%
Hengqin, China
Chimelong Ocean Kingdom
9.2%
Guangzhou, China
Chimelong Paradise
9.2%
Shenzhen, China
OCT East
3.8%
Hangzhou, China
Songcheng Park
2.3%
Changzhou, China
Changzhou Dinosaur Park
2.3%
Shenzhen, China
Window of the World
1.5%
Quiz Playlist
Details
Report
Send in Message
Add To Playlist
Classic:
Type in answers that appear in a list
Quiz Source
Last Updated: Jul 19, 2017
Quiz Scoreboard
CHALLENGE
Sign Up to Join the Scoreboard
Show All
Scores
Hide
Comments
May contain spoilers
Recently Published
Click the 1999 NBA Draft
by nibperrychub
Sports
2m
Alphabetical 'K' Countries by Flag Minefield
by ylime102
Geography
3m
Pick 6: Fruits
by JohnFran
Miscellaneous
15s
More to Explore
Quiz From the Vault
Featured Blog Post
15 Basketball Trivia Facts You Can Be March Mad About
hide this ad
You Might Also Like...
Tags
Amusement Park
Most Visited
park
Theme Park
Today's Top Quizzes in Entertainment
Browse Entertainment
hide this ad
Top Contributed Quizzes in Entertainment
1
Stray Kids members (picture click)
2
Marvel, Role-Playing, Shakespeare, and Cats, Oh My!
3
BFDI Characters Mentioned in Episode Titles
4
Thanos Snap Logic Puzzle
5
Comic Character by Cover Artist Pt 490 (Billy Tan)
6
Marvel Picture Find: Capcom
7
Comic Character by Cover Artist Pt 491 (Billy Tan)
8
Double Word Hourglass: Comic Book Publishers
9
JoJo's Bizarre Logic Quiz
10
Spider-Man Actors by Order
Explore More
Trending Topics
Crossword
Harry Potter
Anime
Disney
Marvel
NBA
Kpop
Soccer
NFL
Song
Pokémon
The Office
Country
WWE
Puzzle
hide this ad
More By:
stimes19
Quiz
Plays
Rating
Category
Featured
Created
State Capital Logic Puzzle
8,462
3.92
Geography
Mar 20, 2013
Top 300 Largest World Cities
6,963
3.44
Geography
Sep 1, 2014
Name As Many TV Shows As You Can
3,448
2.20
Entertainment
Feb 12, 2013
Top 300 Largest World Cities (Urban Agglomerations)
3,414
4.79
Geography
Sep 6, 2014
100 TV Theme Songs (Audio Clips)
2,573
3.73
Television
Jan 25, 2013
Go to Creator's Profile
Score Distribution
Quiz Creator Spotlight
stimes19
Follow
Send a Message
Quizzes Created
-
Created Quiz Play Count
-
More By This Creator
Popular Quizzes Today
1
Find the US States - No Outlines Minefield
2
Countries of Asia Without Outlines Minefield
3
Pick 6: Fruits
4
Alphabetical 'K' Countries by Flag Minefield
5
The Countries of the World
6
Click the 1999 NBA Draft
7
Match the Book to the Film X
8
Find the US States
More Entertainment Quizzes
Celebrity Prom Photo Slideshow
Published
Trending Quizzes
Pick 6: Harry Potter
Pick 6: Golfers
Pick 6: Movie Franchises
Pick 6: Foods
Pick 6: Landmarks
Recently Updated
Women's Final Four Teams by Year
bhenderson79
Presidents Quartet II
eogle
Anything But Clue(do)
eogle
Anything But Oceanian Capitals
eogle
Anything But 7
eogle
Anything But Thing
eogle
Word Ladder: February 29
pecheneg
Song Title Questions
pecheneg
Women's NCAA Tournament #1 Seeds
pecheneg
Celebrity Mug Shots
pecheneg
Trending Topics
NBA
Harry Potter
Anime
Kpop
Disney
Crossword
Marvel
Puzzle
Pokémon
Song
Country
WWE
NFL
Soccer
The Office
Your Account Isn't Verified!
In order to create a playlist on Sporcle, you need to verify the email address you used during registration. Go to your
Sporcle Settings
to finish the process.
Report this User
Report this user for behavior that violates our
Community Guidelines
.
Details:
Send Report
Go to the Sporcle.com Mobile Site →
Comments